Statistics for Country Flags #3

Click here to take the quiz!

General Stats

  • This quiz has been taken 7 times
  • The average score is 14 of 16

Answer Stats

Answer% Correct
Chad
100%
China
100%
Colombia
100%
Croatia
100%
Cuba
100%
Cyprus
100%
Czech Republic
100%
Denmark
100%
Central African Republic
86%
Chile
86%
Costa Rica
86%
Democratic Republic of the Congo
86%
Republic of the Congo
86%
Comoros
71%
Djibouti
71%
Dominica
57%

Score Distribution

Percentile by Number Answered

Percent of People with Each Score

Your Score History

You have not taken this quiz